Los sexenios de investigación /

Bibliographic Details
Main Authors: Cabezas Clavijo, Álvaro, 1982- (Author), Torres-Salinas, Daniel (Author)
Format: Electronic eBook
Language:Spanish
Published: Barcelona : Editorial UOC, [2014]
Edition:Primera edición en lengua castellana.
Series:Profesional de la información (2011) ; 29.
Subjects:
Online Access:Digitalia Hispánica

MARC

LEADER 00000nam a2200000Ii 4500
001 DIGEDIUOC578
003 NyNyDIG
006 m o d
007 cr |||||||||||
008 220313s2014 sp ob 000 0 spa d
035 |a (OCoLC)953655613 
040 |a DGITA  |b eng  |e rda  |e pn  |c DGITA 
020 |a 9788490645314  |q eBook  |q pdf 
020 |a 9788490645321  |q eBook  |q ePub 
020 |z 9788490645307 
050 1 4 |a Q180.S7 ebook 
100 1 |a Cabezas Clavijo, Álvaro,  |d 1982-  |e author. 
245 1 4 |a Los sexenios de investigación /  |c Álvaro Cabezas-Clavijo, Daniel Torres-Salinas. 
250 |a Primera edición en lengua castellana. 
264 1 |a Barcelona :  |b Editorial UOC,  |c [2014] 
300 |a 1 online resource. 
336 |a text  |b txt  |2 rdacontent 
337 |a computer  |b c  |2 rdamedia 
338 |a online resource  |b cr  |2 rdacarrier 
347 |a text file  |2 rdaft 
347 |b PDF 
490 1 |a El profesional de la información 
504 |a Includes bibliographical references. 
588 0 |a Online resource; title from PDF title page (Digitalia, viewed March 13, 2022) 
650 0 |a Education, Higher  |z Spain. 
650 0 |a Research  |z Spain. 
655 0 |a Electronic books. 
700 1 |a Torres-Salinas, Daniel,  |e author. 
791 2 |a Digitalia (Firm),  |e distributor. 
793 0 |g Digitalia eBook Collection:  |a Universitat Oberta de Catalunya 
776 0 8 |i Print version:  |a Cabezas Clavijo, Álvaro, 1982-  |t Sexenios de investigación.  |b Primera edición en lengua castellana .  |d Barcelona : Editorial UOC, [2014]  |z 9788490645307 
830 0 |a Profesional de la información (2011) ;  |v 29. 
856 4 0 |3 Digitalia Hispánica  |u https://www.digitaliapublishing.com/a/36952/ 
910 |a Premium collection: 2022